000
00328nam a2200133Ia 4500
008
151213s9999 xx 000 0 und d
100
_a
Lois Potter
245
_a
A Practice to Milton
_c
Lois Potter
260
_a
Delhi
_b
Person Education
_c
1986
300
_a
1897 p.
650
_a
English
700
_a
Lois Potter
999
_c
1402
_d
1402